000 00335nam a2200145Ia 4500
008 150201s2009 xx 000 0 und d
082 _a617.6
_bC07P
100 _aPROFFIT,WR
245 _aCONTEMPRORARY ORTHODENTICS
250 _a4TH
260 _bELSEVIER
_aELSEVIER
_c2009
300 _a1-751
650 _aDENTISTRY
942 _2ddc
_cBK
999 _c396
_d396